00774nam a22002055i 4500001000700000003000900007005001700016008004100033040003000074100001700104245006400121260014700185300002200332490004800354650002300402752002400425752002300449830004800472852004800520163483ES-MaACL20250804062755.0020905s1890 fr |||| | fre d aCCPB | B bspa cCCPB | B1 aRicardou, A.10aDe l'idéal b: étude philosophique / cpar A. Ricardou. aParis : bancienne Librairie Germer Baillière et C\pie\s, Félix Alcan, éditeur, c1890 (eÉvreux : fimprimerie de Charles Hérissey) a356 p. ; c22 cm.1 aBibliothèque de philosophie contemporaine07aFilosofía2embne aFrancia - dParís aFrancia - dEvreux0 aBibliothèque de philosophie contemporaine aES-MaACLjB-7066 z-- Enc. pasta española